Villes de Poitou - Statistiques

Statistiques générales
  • Ce quiz a été pris 76 fois
  • Le résultat moyen est 9 sur 18
Statistiques - réponses
Par images Hint Réponse % Correct
Vienne Poitiers
98%
Deux-Sèvres Niort
97%
Vendée La Roche-sur-Yon
79%
Vienne Châtellerault
69%
Vendée Les Sables-d'Olonne
68%
Deux-Sèvres Parthenay
68%
Deux-Sèvres Bressuire
58%
Deux-Sèvres Thouars
58%
Vienne Montmorillon
50%
Vienne Chauvigny
42%
Vienne Loudun
42%
Vendée Fontenay-le-Comte
39%
Deux-Sèvres Melle
39%
Deux-Sèvres Saint-Maixent-l'École
34%
Vendée Luçon
32%
Vendée Les Herbiers
31%
Vienne Lusignan
23%
Vendée L'Île-d'Yeu
16%
Aucun quiz correspondant
Distribution des résultats
% des personnes avec chaque résultat
Percentile par nombre de réponses
Votre historique - résultats
Vous n’avez pas pris ce quiz